[Event "AUTO-INT-1408"]
[Site "http://www.queenalice.com/game.php?id=633739"]
[Date "2009.8.9"]
[Round "1"]
[White "allvaro"]
[Black "Prosperidade"]
[Result "1-0"]
[WhiteElo "1681"]
[BlackElo "1506"]

1. d4 d5 2. Qd3 a6 3. e4 dxe4 4. Qxe4 Nf6 5. Qh4 Nc6 6. c3 e6 7. Bg5 Be7 8. f4
h6 9. Bxf6 Bxf6 10. Qg3 Bh4 11. Qxh4 Qxh4+ 12. g3 Qf6 13. Ne2 1-0

[Event "AUTO-INT-1408"]
[Site "http://www.queenalice.com/game.php?id=633740"]
[Date "2009.8.9"]
[Round "1"]
[White "Prosperidade"]
[Black "allvaro"]
[Result "0-1"]
[WhiteElo "1497"]
[BlackElo "1690"]

1. d4 d5 2. c4 h6 3. cxd5 Qxd5 4. Nc3 Qa5 5. Bd2 e6 6. a3 c5 7. d5 c4 8. e4 b5
9. Nf3 Bc5 10. b4 Qb6 11. bxc5 Qxc5 12. Be3 Qe7 0-1

[Event "Challenge"]
[Site "http://www.queenalice.com/game.php?id=644848"]
[Date "2009.8.30"]
[Round "-"]
[White "allvaro"]
[Black "Incognita"]
[Result "0-1"]
[WhiteElo "1686"]
[BlackElo "1927"]

1. e4 d6 2. d4 g6 3. f4 Bg7 4. c3 Bd7 5. g4 e5 6. h4 Qf6 7. g5 Qe6 8. d5 Qg4 9.
Qxg4 Bxg4 10. Be2 Bxe2 11. Nxe2 Nd7 12. f5 f6 13. Na3 Nc5 14. Nb5 Kd7 15. b4
Nxe4 16. Be3 fxg5 17. hxg5 gxf5 18. Bxa7 c6 19. Na3 Rxa7 20. dxc6+ bxc6 21. Nc4
Nxg5 22. Rh5 h6 23. a4 Nf6 24. Rh1 Nf3+ 25. Kf2 e4 26. a5 Ng4+ 27. Kg2 Bf6 28.
Rhd1 d5 29. a6 Rg8 30. Ng3 f4 31. b5 Ne3+ 32. Nxe3 Rxg3+ 33. Kh1 fxe3 34. Ra2
Rh3+ 35. Rh2 Rxh2# 0-1

[Event "AUTO-INT-1439"]
[Site "http://www.queenalice.com/game.php?id=648745"]
[Date "2009.9.7"]
[Round "1"]
[White "bhblakie"]
[Black "allvaro"]
[Result "1-0"]
[WhiteElo "1522"]
[BlackElo "1668"]

1. e4 e5 2. Nf3 Qf6 3. d3 a6 4. c4 c5 5. b3 h6 6. Bb2 d6 7. Nc3 Ne7 8. g3 Bg4 9.
Bg2 Nbc6 10. h3 Bxf3 11. Qxf3 Nb4 12. Kd2 Nbc6 13. Qxf6 gxf6 14. Nd5 O-O-O 15.
Bc3 a5 16. Nxf6 Ng6 17. h4 Bg7 18. Nd5 Rde8 19. Bh3+ Kb8 20. Bd7 Rd8 21. Bxc6
bxc6 22. Ne3 Ne7 23. Bxa5 Rd7 24. a4 Rb7 25. Rhb1 d5 26. Nf5 Nxf5 27. exf5 d4
28. Kc2 h5 29. Bd2 f6 30. a5 Ra7 31. Ra4 Rc8 32. Rg1 Rh8 33. Bc1 Bh6 34. Ba3 Bf8
35. a6 Rg8 36. Ra5 Ka8 37. Ra1 Kb8 38. Bxc5 Bxc5 39. Rxc5 Rc8 40. Ra4 Kc7 41. b4
Kb6 42. Rca5 Rca8 43. b5 c5 44. Ra1 Re8 45. f3 Rg8 46. g4 hxg4 47. R5a2 gxf3 48.
Rf1 Rg2+ 49. Kb3 Rg3 50. Rh2 Rh7 51. Ra2 Ra7 52. Rh1 e4 53. dxe4 f2+ 54. Ka4 Rg2
55. Rf1 Rh2 56. Rfxf2 Rxh4 57. Rfe2 Rah7 58. Ra3 Rh1 59. e5 Rb1 60. Rb3 Ra1+ 61.
Ra3 Rhh1 62. exf6 Rhb1 63. Rxa1 Rxa1+ 64. Kb3 Rc1 65. f7 d3 66. Rd2 Rb1+ 67. Kc3
Ra1 68. f8=Q Ra3+ 69. Kb2 Ra4 70. Rxd3 Ka5 71. Qd8+ Kb4 72. Rb3+ Kxc4 73. Qd3#
1-0

[Event "AUTO-INT-1439"]
[Site "http://www.queenalice.com/game.php?id=648746"]
[Date "2009.9.7"]
[Round "1"]
[White "allvaro"]
[Black "bhblakie"]
[Result "0-1"]
[WhiteElo "1692"]
[BlackElo "1498"]

1. e4 e5 2. Qf3 f6 3. Bc4 Ne7 4. d4 d6 5. d5 a6 6. Bd2 b5 7. Bd3 h5 8. h3 Bb7 9.
Ba5 Nd7 10. g4 Qc8 11. gxh5 g5 12. a3 c6 13. b4 cxd5 14. c3 dxe4 15. Bxe4 Bxe4
16. Qxe4 Rxh5 17. Ra2 Rh6 18. Bc7 d5 19. Qd3 Qxc7 20. Rc2 Qc4 21. Qxc4 bxc4 22.
f3 Nf5 23. Kf2 Nh4 24. Nd2 a5 25. Ne2 Nb6 26. Ra2 O-O-O 27. bxa5 Na4 28. Nb1 Rd6
29. Nd2 Ra6 30. Rb1 Rxa5 31. Nf1 Nc5 32. Ne3 Nd3+ 33. Kf1 Nxf3 34. Ng1 Nxg1 35.
Kxg1 Rxh3 36. Nf5 Nc5 37. Rc1 Rf3 38. Rf1 Rxf1+ 39. Kxf1 Ne4 40. Rc2 Rxa3 41.
Ke2 Rxc3 42. Ra2 Kb7 43. Ne3 d4 44. Rb2+ Rb3 45. Rxb3+ cxb3 0-1

[Event "AUTO-INT-1439"]
[Site "http://www.queenalice.com/game.php?id=648761"]
[Date "2009.9.7"]
[Round "1"]
[White "allvaro"]
[Black "spectro"]
[Result "0-1"]
[WhiteElo "1678"]
[BlackElo "1763"]

1. e4 e5 2. Qh5 Qf6 3. Bc4 Bc5 4. b4 Qxf2+ 5. Kd1 Nc6 6. Nh3 Qxg2 7. Rf1 g6 8.
Bxf7+ Ke7 9. Qh4+ g5 10. Qe1 Qxh3 11. d4 Nxd4 12. Bxg5+ Kd6 13. bxc5+ Kxc5 14.
Qa5+ b5 15. Be3 Qxf1+ 16. Qe1 Qf3+ 17. Kc1 Qxf7 18. c3 Qc4 19. Nd2 Qxc3+ 0-1

[Event "AUTO-INT-1439"]
[Site "http://www.queenalice.com/game.php?id=648762"]
[Date "2009.9.7"]
[Round "1"]
[White "spectro"]
[Black "allvaro"]
[Result "1-0"]
[WhiteElo "1696"]
[BlackElo "1700"]

1. e4 e5 2. Qf3 Bc5 3. Bc4 Qf6 4. Nh3 d6 5. Ng5 Qxg5 6. Qxf7+ Kd8 7. h4 Qxg2 8.
d4 Qxe4+ 9. Be3 Qxh1+ 10. Ke2 Bg4+ 11. Kd3 e4+ 12. Kc3 Qe1+ 13. Bd2 Bb4+ 14.
Kxb4 Qh1 15. Bg5+ Kc8 16. Be6+ 1-0

[Event "AUTO-INT-1346"]
[Site "http://www.queenalice.com/game.php?id=669246"]
[Date "2009.10.19"]
[Round "2"]
[White "Romerflu"]
[Black "allvaro"]
[Result "1-0"]
[WhiteElo "1699"]
[BlackElo "1618"]

1. e4 e5 2. Bc4 Ne7 3. Qf3 f6 4. Nc3 c6 5. Na4 b5 6. Bf7+ Kxf7 7. Nc5 d6 8. Nb3
h5 9. h3 g5 10. c3 Bg7 11. d3 Kg6 12. Ne2 g4 13. hxg4 hxg4 14. Rxh8 Qxh8 15. Qg3
1-0

[Event "AUTO-INT-1346"]
[Site "http://www.queenalice.com/game.php?id=669247"]
[Date "2009.10.19"]
[Round "2"]
[White "allvaro"]
[Black "Romerflu"]
[Result "0-1"]
[WhiteElo "1632"]
[BlackElo "1685"]

1. d4 e6 2. h4 d5 3. Bf4 Bd6 4. e3 Bxf4 5. exf4 Nf6 6. f3 O-O 7. h5 h6 8. g4 Nc6
9. g5 hxg5 10. fxg5 Nd7 11. f4 Nb6 12. Bb5 Ne7 13. h6 gxh6 14. Rxh6 Nf5 15. Rh2
Ne3 0-1

[Event "AUTO-INT-1346"]
[Site "http://www.queenalice.com/game.php?id=669252"]
[Date "2009.10.19"]
[Round "2"]
[White "allvaro"]
[Black "helianthus"]
[Result "0-1"]
[WhiteElo "1646"]
[BlackElo "2224"]

1. d4 d5 2. h3 c5 3. Bf4 Qb6 4. b3 cxd4 5. Qd3 Nc6 6. e4 dxe4 7. Qxe4 Nf6 8. Qd3
e5 9. Bg5 Nb4 10. Qb5+ Qxb5 11. Bxb5+ Bd7 12. Bxd7+ Kxd7 13. Kd1 Ne4 14. Bh4 Rc8
15. c3 dxc3 16. Na3 c2+ 17. Nxc2 Rxc2 18. Nf3 Be7 19. Nxe5+ Ke6 20. Nc4 Bxh4 21.
Rf1 Nc3+ 0-1

[Event "AUTO-INT-1346"]
[Site "http://www.queenalice.com/game.php?id=669253"]
[Date "2009.10.19"]
[Round "2"]
[White "helianthus"]
[Black "allvaro"]
[Result "1-0"]
[WhiteElo "2239"]
[BlackElo "1644"]

1. e4 e5 2. Nf3 Bd6 3. d4 exd4 4. Nxd4 c5 5. Nb5 Be5 6. N1c3 a6 7. Nd6+ Bxd6 8.
Qxd6 b6 9. Nd5 Ne7 10. Nc7+ Kf8 11. Nxa8 Bb7 12. Nxb6 Bxe4 13. Qxb8 Nc6 14.
Qxd8+ Nxd8 15. Nxd7+ Ke7 16. Nxc5 Bb7 17. b4 Re8 18. Be3 Nc6 19. Nxb7 Nxb4 20.
O-O-O Nxa2+ 21. Kb2 Nb4 22. Bc5+ Kf6 23. Bxb4 Re4 24. Bc3+ Ke7 25. Bc4 Rxc4 26.
Rhe1+ 1-0

[Event "AUTO-INT-1346"]
[Site "http://www.queenalice.com/game.php?id=669254"]
[Date "2009.10.19"]
[Round "2"]
[White "allvaro"]
[Black "manasses"]
[Result "0-1"]
[WhiteElo "1660"]
[BlackElo "1697"]

1. d4 d5 2. h3 Nf6 3. Nc3 Bf5 4. g4 Bg6 5. Bg2 e6 6. Bg5 Be7 7. a3 O-O 8. f3
Nbd7 9. Bf4 a6 10. b4 b5 11. g5 Nh5 12. Be3 Bxg5 13. f4 Nxf4 14. Bxf4 Bxf4 15.
h4 Bg3+ 16. Kd2 Bxh4 17. Nf3 Bg5+ 18. e3 Nb6 19. Ne5 Nc4+ 20. Nxc4 bxc4 21. Kc1
Bxe3+ 22. Kb2 Qf6 23. Rf1 Qxd4 24. Qxd4 Bxd4 25. Rf4 c5 26. Raf1 Rab8 27. R1f3
Be4 0-1

[Event "AUTO-INT-1346"]
[Site "http://www.queenalice.com/game.php?id=669255"]
[Date "2009.10.19"]
[Round "2"]
[White "manasses"]
[Black "allvaro"]
[Result "1-0"]
[WhiteElo "1712"]
[BlackElo "1645"]

1. d4 h6 2. e4 g5 3. f4 d5 4. exd5 Qxd5 5. c4 Qe4+ 6. Ne2 gxf4 7. Bxf4 Bf5 8.
Nc3 Qd3 9. Qxd3 Bxd3 10. Bxc7 Nc6 11. Kd2 Bxc4 12. a3 Bg7 13. d5 Na5 14. Bxa5 b6
15. Bb4 a5 16. Bxe7 Nxe7 17. Re1 Rd8 18. Nf4 Bxc3+ 19. Kxc3 b5 20. Bxc4 bxc4 21.
Kxc4 Kd7 22. Re2 Rb8 23. Rhe1 Rhc8+ 24. Kd4 Nf5+ 25. Ke5 1-0

[Event "Challenge"]
[Site "http://www.queenalice.com/game.php?id=674415"]
[Date "2009.10.29"]
[Round "-"]
[White "thedead"]
[Black "allvaro"]
[Result "0-1"]
[WhiteElo "1685"]
[BlackElo "1642"]

1. e4 e5 2. Nf3 d6 3. h3 a6 4. d3 Bd7 5. Be2 b5 6. O-O h5 7. Nxe5 dxe5 8. Bxh5
g6 9. Be2 a5 10. Bd2 b4 11. c3 Nc6 12. Qc2 Bc5 13. cxb4 axb4 14. Qxc5 Ra5 15.
Bxb4 Rxc5 16. Bxc5 Qg5 0-1